| 000 | 00688nam a22001577a 4500 | ||
|---|---|---|---|
| 003 | OSt | ||
| 005 | 20151104090031.0 | ||
| 008 | 151104b xxu||||| |||| 00| 0 eng d | ||
| 040 | _cRUA | ||
| 082 | _aFOR CHU 1996 B122 Or.1 | ||
| 100 |
_93305 _aCHUM, KHENG. |
||
| 245 | _aThe study of the axialeroad project establishment into sub-area i of colexime interprise forest concession (សិក្សាគំរោងស្ថាបនាផ្លវអាសីុយ៉ាល់ចូលអនុតំបន់១នៃព្រៃសម្បទានសហគ្រាសកូឡិចសីុម) | ||
| 260 |
_aPhnom Penh _bRUA _c1996 |
||
| 300 |
_a129p. _bill. _c29cm. |
||
| 942 |
_2ddc _cFOR |
||
| 999 |
_c3084 _d3084 |
||